00589 2200193 4500001002100000005001500021035002500036008004100061245008800102260003400190300002600224020002200250082001400272084002000286650001300306650001600319110004800335990001200383INLIS00000000000056920220531024140 a0010-121900000000569220531 | ind 1 aBunga rampai teknik produksi benih kedelai /cEditor, Novita Nugrahaeni …[et al.] aJakarta :bIAARD Press,c2017 axii, 214 p. ;c25 cm. a978-602-344-178-5 a633.34-15 a633.34-15 BAD b 4aSOYBEANS 4aCULTIVATION2 aBADAN PENELITIAN DAN PENGEMBANGAN PERTANIAN aaC00414